| 000 | 00463nam a22001817a 4500 | ||
|---|---|---|---|
| 003 | CEME | ||
| 005 | 20210628210741.0 | ||
| 008 | 210212b xxu||||| |||| 00| 0 eng d | ||
| 020 | _a981-4053-23-6 | ||
| 040 | _c. | ||
| 082 | _a005.133-VB DAV | ||
| 100 |
_aDavis, Harold _956473 |
||
| 245 | _aVisual basic 6 visual quickstart guide | ||
| 260 |
_aINDIA _bPEARSON EDUCATION ASIA _c2000 |
||
| 300 | _a305 | ||
| 650 |
_aVISUAL BASIC 6.0 _977612 |
||
| 942 |
_cBK _2ddc |
||
| 999 |
_c585705 _d585705 |
||